000 00400nam a22001697a 4500
003 MACL
005 20150705155558.0
008 150705b xxu||||| |||| 00| 0 eng d
040 _cMACL
041 _aENGLISH
082 _a337/SPI
100 _aPaul Spicker,
_9933
245 _aPoverty An International Glossary
260 _aNew York
_bZed Books
_c1999
650 _a337
_9934
942 _2ddc
_cBK
999 _c50021
_d50021